| 000 | 00454nam a2200181Ia 4500 | ||
|---|---|---|---|
| 001 | 10147 | ||
| 005 | 20260306161810.0 | ||
| 008 | 260306t1958||||xx |||||||||||||| ||spa|| | ||
| 041 | _aESP | ||
| 082 |
_a909 _bB64 |
||
| 100 |
_aBloch, Marc _eAUT |
||
| 245 | 0 |
_aLa sociedad feudal: _blas clases y el gobierno de los hombres |
|
| 260 | _c1958 | ||
| 300 |
_axviii, 220 páginas : _c23 cm. |
||
| 650 | _aGEN | ||
| 654 | _aCHU | ||
| 942 |
_cLIB _dJUS _fJUS _2ddc _n |
||
| 999 |
_c10147 _d10147 |
||